LEADER 00634nab a2200169 i 4500 001 000000259816 003 CaOOAMICUS 005 20050208000000.0 008 050208n xx uu u0 0und r 013 $a486 020 $a88-01-02942-X 040 $aSeMil$bita 245 13$aIl Tempo di Quaresima. - Titolo dalla copertina. - In Allegato :$bCD. 500 $aGennaio-Febbraio-Marzo 2004. 773 0 $t[2004].$dLeumann (Torino) : Elledici, copyr. 2004.$w()111640 996 $6020$a88-01-02942-X$9(OLS)http://semarc/number/263599 996 $6245$aIl Tempo di Quaresima. - Titolo dalla copertina. - In Allegato :$bCD.$9(OLS)http://semarc/title/354807 LEADER 00732nam a2200193 i 4500 001 000000209199 003 CaOOAMICUS 005 20111209000000.0 008 111209n it u000 u ita u 013 $a187988 040 $aSeMil$bita 245 10$a2 :$bIl basso Medioevo e l'eta comunale. 300 $a479 p. :$bill. 700 1 $aMontanelli, Indro <1909-2001>.$0(OLS)http://semarc/name/6356 773 0 $aMontanelli, Indro <1909-2001>$tStoria d'Italia.$dMilano : Rizzoli, 1979.$g2$w()25972 850 $aSeMil 852 $aSeMil$W1$xVenegono$y1$m3U VI 194$j159651$B159651$CSeMilBibl$Z2$F170706 $81 961 $aOmaggio: Ciprandi dott. Paolo 996 $6245$a2 :$bIl basso Medioevo e l'eta comunale$9(OLS)http://semarc/title/302404